01091nam a2200265 4500003000400000005001700004008004100021020001500062040001800077050001800095100002700113240010600140245019300246264002900439300002500468336002200493337002400515338002400539500010900563650003500672700004700707700004300754942001100797999001700808OSt20260601193524.0260507b1996 mx |||| |||| 00| 0 spa d a9688533319 aICIbspacICI aHD6331bR5418 1aRifkin, Jeremy,935534 1aThe end of work the decline of the global labor force and the dawn of the post-market era.lEspañol 1aEl fin del trabajo : bnuevas tecnologias contra puestos de trabajo : el nacimiento de la nueva era /cJeremy Rifkin ; prólogo de Robert L. Heilbroner ; traducción de Guillermo Sanchez bPaidosc1996aMéxico : a399 páginasc23cm. atexto2rdacontent asin medio2rdamedia avolumen2rdacarrier aTraduccion de: The end of work the decline of the global labor force and the dawn of the post-market era aDesempleo tecnológico935535 1aHeilbroner, Robert L.,eprologuista935536 1aSanchez, Guillermo, etraductor935537 2lcccB c21129d21129